|
|
|
|
| LEADER |
00000nam a2200000 a 4500 |
| 001 |
vtls010535869 |
| 003 |
SK-MaSNL |
| 005 |
20260301133345.0 |
| 008 |
240314s1969 xo 000 0 slo |
| 015 |
|
|
|a SNBA1969
|
| 040 |
|
|
|a SNK
|b slo
|c SNK
|e AACR2
|
| 041 |
1 |
|
|a slo
|
| 044 |
|
|
|a xo
|c SK
|
| 080 |
|
|
|a 165.75
|2 2001
|
| 100 |
1 |
|
|a Hrušovský, Igor,
|d 1907-1978
|4 aut
|9 38412
|
| 245 |
1 |
0 |
|a K diskusii o štrukturalizme
|c Igor Hrušovský
|
| 260 |
|
|
|a Bratislava
|b SAV
|c 1969
|
| 300 |
|
|
|a 10 s.
|c 8°
|
| 500 |
|
|
|a Separát. Odtlačok z časopisu Filozofia. Roč. 24, č. 4, s. 368-377
|
| 504 |
|
|
|a Bibliogr.
|
| 650 |
0 |
7 |
|a štrukturalizmus
|2 SNKPH
|9 2881
|
| 655 |
|
7 |
|a štúdie
|2 SNKPH
|9 57033
|
| 655 |
|
7 |
|a separáty
|2 SNKPH
|9 70334
|
| 958 |
|
|
|a OND
|
| 958 |
|
|
|a NB
|
| 999 |
|
|
|c 753539
|d 755469
|
| 952 |
|
|
|a SNK
|b SNK
|y PREZ
|7 0
|o snkSC 41386
|i snkD 831/77
|8 1
|0 0
|1 0
|4 0
|d 2013-08-16
|l 0
|r 2026-02-23 23:39:58
|w 2026-02-23
|